| 000 | 00360nam a2200133Ia 4500 | ||
|---|---|---|---|
| 008 | 210430s9999 xx 000 0 und d | ||
| 020 | _a1295-1295A-1295B | ||
| 082 | _a823.7 A9321 P | ||
| 100 |
_aJane Austen _913531 |
||
| 245 |
_aPride and Prejudice _cJane Austen |
||
| 260 |
_aISLAMABAD _bNational Book Foundation _c2010 |
||
| 300 | _a133p | ||
| 942 |
_cBK _2ddc |
||
| 999 |
_c565365 _d565365 |
||